01341nam a22001817a 450000500170000000800410001702000180005804000070007604100120008308200160009510000200011124500260013126000310015730000230018836500500021152008830026165000150114420220111110327.0220111b ||||| |||| 00| 0 eng d a9781406362190 cAL aEnglish a813.6bCLAC aCassandra Clare aCity of fallen angels aLondonbWalker booksc2015 a434p.bPBc20x13cm 2generala4477b351c₹d450e22%f18-12-2021 aFourth in Cassandra Clare's internationally bestselling Mortal Instruments series about the Shadowhunters. Discover more secrets about the Shadowhunters in the fourth of 6 brand-new collectable editions of the internationally bestselling Mortal Instruments series. To love is to destroy... The Mortal War is over, and Clary Fray is home in New York, excited about all the possibilities before her. She's training to become a Shadowhunter and - most importantly of all - she can finally call Jace her boyfriend. But her happiness has come at a price... Cover art by Mila Furstova, the artist who created the album art for Coldplay's Ghost Stories. Read all the sensational books in The Shadowhunter Chronicles: The Mortal Instruments, The Infernal Devices, Tales from the Shadowhunter Academy, The Bane Chronicles, The Dark Artifices, The Last Hours and The Shadowhunter's Codex. aliterature